000 002330000a22001210004500
020 _a0-7678-4043-7
041 0 _aeng
082 0 4 _aV 029
110 1 _aColumbia Pictures
245 1 0 _aMuppets from Space
001 1121
942 _cLGB
999 _c48296
_d48296